Of love and other sorrows: (Record no. 102175)

MARC details
000 -LEADER
fixed length control field 00725nam a22002057a 4500
005 - DATE AND TIME OF LATEST TRANSACTION
control field 20170301113116.0
010 ## - LCCN (DPL NO)
LC control number 1617EN
020 ## - INTERNATIONAL STANDARD BOOK NUMBER
International Standard Book Number 9780680087228
Terms of availability 599.00
035 ## - SYSTEM CONTROL NUMBER
System control number B-649551-559
037 ## - SOURCE OF ACQUISITION
Stock number DPL
Source of stock number/acquisition AAKAR
082 ## - DEWEY DECIMAL CLASSIFICATION NUMBER
Classification number S
100 ## - MAIN ENTRY--PERSONAL NAME
Personal name Chopra, Ashok
245 ## - TITLE STATEMENT
Title Of love and other sorrows:
Statement of responsibility, etc by Vinay Sitapati
Remainder of title ten modernists /
260 ## - PUBLICATION, DISTRIBUTION, ETC. (IMPRINT)
Place of publication, distribution, etc Gurgaon
Name of publisher, distributor, etc Penguin Books
Date of publication, distribution, etc 2016
270 ## - ADDRESS
Address 7th floor, infinity Toer C, DLF Cyber City
City Gurgaon (Haryana)
Postal code 122002
300 ## - PHYSICAL DESCRIPTION
Extent xxx,258p.
Dimensions 24cm(HB)
500 ## - GENERAL NOTE
General note includs index
942 ## - ADDED ENTRY ELEMENTS (KOHA)
Source of classification or shelving scheme Dewey Decimal Classification
Item type English Books
Classification part S
Call number suffix CHO
Holdings
Withdrawn status Lost status Not for loan Collection code Home library Current library Date acquired Source of acquisition Cost, normal purchase price Full call number Barcode Copy number Cost, replacement price Koha item type
      Fiction Bagh Kadhe Khan Bagh Kadhe Khan 01/03/2017 BPPD/EN/2016-17/285/24.11.2016/I-2591/8.12.2016/2.1.17 599.00 S CHO B-649558 1 599.00 English Books
      Fiction Central Library Central Library 01/03/2017 BPPD/EN/2016-17/285/24.11.2016/I-2591/8.12.2016/2.1.17 599.00 S CHO B-649551 1 599.00 English Books
      Fiction Janak Puri Janak Puri 01/03/2017 BPPD/EN/2016-17/285/24.11.2016/I-2591/8.12.2016/2.1.17 599.00 S CHO B-649554 1 599.00 English Books
      Fiction Karol Bagh Karol Bagh 01/03/2017 BPPD/EN/2016-17/285/24.11.2016/I-2591/8.12.2016/2.1.17 599.00 S CHO B-649556 1 599.00 English Books
      Fiction New Police Line New Police Line 01/03/2017 BPPD/EN/2016-17/285/24.11.2016/I-2591/8.12.2016/2.1.17 599.00 S CHO B-649552 1 599.00 English Books
      Fiction New Rohtak Road New Rohtak Road 01/03/2017 BPPD/EN/2016-17/285/24.11.2016/I-2591/8.12.2016/2.1.17 599.00 S CHO B-649557 1 599.00 English Books
      Fiction Patel Nagar Patel Nagar 01/03/2017 BPPD/EN/2016-17/285/24.11.2016/I-2591/8.12.2016/2.1.17 599.00 S CHO B-649553 1 599.00 English Books
      Fiction Sarojini Nagar Sarojini Nagar 01/03/2017 BPPD/EN/2016-17/285/24.11.2016/I-2591/8.12.2016/2.1.17 599.00 S CHO B-649555 1 599.00 English Books
      Fiction Shahdara Branch Shahdara Branch 01/03/2017 BPPD/EN/2016-17/285/24.11.2016/I-2591/8.12.2016/2.1.17 599.00 S CHO B-649559 1 599.00 English Books

© Delhi Public Library
Hit Counter
free hit counter